LEADER 03039oam 2200661I 450 001 9910464888703321 005 20200520144314.0 010 $a1-315-72884-2 010 $a1-317-54414-5 010 $a1-84465-890-2 024 7 $a10.4324/9781315728841 035 $a(CKB)3710000000087071 035 $a(EBL)1782461 035 $a(SSID)ssj0001115504 035 $a(PQKBManifestationID)11607049 035 $a(PQKBTitleCode)TC0001115504 035 $a(PQKBWorkID)11084055 035 $a(PQKB)10207686 035 $a(MiAaPQ)EBC1782461 035 $a(Au-PeEL)EBL1782461 035 $a(CaPaEBR)ebr10834930 035 $a(CaONFJC)MIL644344 035 $a(OCoLC)890531512 035 $a(OCoLC)891659511 035 $a(EXLCZ)993710000000087071 100 $a20180706e20142011 uy 0 101 0 $aeng 135 $aur|n|---||||| 181 $ctxt 182 $cc 183 $acr 200 00$a2012 $edecoding the countercultural apocalypse /$fedited by Joseph Gelfer 210 1$aLondon :$cRoutledge,$d2014. 215 $a1 online resource (216 p.) 300 $aFirst published 2011 by Equinox, an imprint of Acumen. 311 $a1-322-13090-6 311 $a1-84553-639-8 320 $aIncludes bibliographical references and index. 327 $aCover; Half Title; Title Page; Copyright Page; Table of Contents; Contributors; Preface; 1 Introduction; 2 The 2012 Phenomenon: New Uses for an Ancient Maya Calendar; 3 Maya Prophecies, 2012 and the Problematic Nature of Truth; 4 Mayanism Comes of (New) Age; 5 The 2012 Milieu? Hybridity, Diversity and Stigmatised Knowledge; 6 Chiche?n Itza? and Chicken Little: How Pseudosciences Embraced 2012; 7 Roland Emmerich's 2012: A Simple Truth; 8 The 2012 Movement, Visionary Arts and Psytrance Culture; 9 In a Prophetic Voice: Australasia 2012 327 $a10 Approaching 2012: Modern Misconceptions versus Reconstructing Ancient Maya PerspectivesNotes; Index 330 $a21 December 2012 was believed to mark the end of the thirteenth B''ak''tun cycle in the Long Count of the Mayan calendar. Many people believed this date to mark the end of the world or, at the very least, a shift to a new form of global consciousness. Examining how much of the phenomenon is based on the historical record and how much is contemporary fiction, the book explores the landscape of the modern apocalyptic imagination, the economics of the spiritual marketplace, the commodification of countercultural values, and the cult of celebrity. 606 $aTwo thousand twelve, A.D 606 $aTwenty-first century$vForecasts 606 $aProphecies 606 $aEnd of the world 608 $aElectronic books. 615 0$aTwo thousand twelve, A.D. 615 0$aTwenty-first century 615 0$aProphecies. 615 0$aEnd of the world. 676 $a001.9 701 $aGelfer$b Joseph$0947899 801 0$bFlBoTFG 801 1$bFlBoTFG 906 $aBOOK 912 $a9910464888703321 996 $a2012$92142618 997 $aUNINA LEADER 01790nam 2200349 n 450 001 996390504003316 005 20200824121214.0 035 $a(CKB)4940000000099080 035 $a(EEBO)2240873470 035 $a(UnM)99827220e 035 $a(UnM)99827220 035 $a(EXLCZ)994940000000099080 100 $a19950207d1659 uy | 101 0 $aeng 135 $aurbn||||a|bb| 200 04$aThe common accidence examined, and explained, by short questions and answers, according to the very words of the book$b[electronic resource] $eConducing very much to the ease of the teacher, and the benefit of the learner. Being helpful to the better understanding of the rudiments and grounds of grammar, delivered in that and the like introductions, to the Latine tongue. Written heretofore, and made use of in Rotheram School, and now published for the profit of young beginners in that and other schools. By Charles Hoole Mr. of Arts, now teacher of a private grammar school neer Lothbury, London 210 $aLondon $cprinted by T.M. and are to be sold by John Clark jun. at the lower end of Cheap-side entring into Mercers Chapel$d1659 215 $a[2], 153, [17] p 300 $aAn edition of Hoole, Charles. The common accidents examined. 300 $aReproduction of the original in the British Library. 330 $aeebo-0018 606 $aLatin language$xGrammar$vEarly works to 1800 615 0$aLatin language$xGrammar 700 $aHoole$b Charles$f1610-1667.$0793350 801 0$bCu-RivES 801 1$bCu-RivES 801 2$bCStRLIN 801 2$bWaOLN 906 $aBOOK 912 $a996390504003316 996 $aThe common accidence examined and explained by short questions and answers according to the very words of the book$92329406 997 $aUNISA